000 01123nam0a22002651 4500
001 rc\3694079
005 20130115152125.4
021 _aRU
_b71-62000
021 _aRU
_bРг15345-72
035 _a(NLR Aleph) 007758774
090 _a7342983
_c7342983
100 _a20130115d1971 |||y0rusy50 ca
101 0 _arus
102 _aRU
105 _ay z |||h|
200 1 _aИстория науки и принципы исследования
_e(Вступ. речь на открытии XIII Междунар. конгресса по истории науки)
_fXIII Междунар. конгресс по истории науки. СССР, Москва, 18-24 авг. 1971 г. Пленарное заседание
210 _aМосква
_cНаука
_d1971
215 _a28 с.
_d22
700 1 _aКедров
_bБ. М.
_f1903-1985
_gБонифатий Михайлович
712 1 2 _aМеждународный конгр. истории наук
_d13
_f1971
_eМосква
_3RU\NLR\AUTH\8824030
801 0 _aRU
_bNLR
_gpsbo
801 1 _aRU
_bELAR
_2rusmarc
852 _aNLR
_j72-6/8929
942 _cBOOK
980 _aNB